| 000 | 00873cam a22002774a 4500 | ||
|---|---|---|---|
| 001 | 12658483 | ||
| 005 | 20180213033516.0 | ||
| 008 | 020128s2002 paua bf 001 0 eng | ||
| 010 | _a 2002017016 | ||
| 020 | _a0721692427 | ||
| 035 | _a(DNLM)101136695 | ||
| 040 |
_aDNLM/DLC _cDLC _dDLC |
||
| 041 | _aeng | ||
| 042 | _apcc | ||
| 060 | 1 | 0 |
_aWS 100 _bS257 2002 |
| 080 | _a618.92 fin | ||
| 082 | 0 | 0 |
_a618.92 fin _221 |
| 100 | _a8 | ||
| 101 | _aped | ||
| 245 | 0 | 0 |
_aSaunders manual of pediatric practice / _c[edited by] Laurence Finberg, Ronald E. Kleinman. |
| 246 | 3 | _aManual of pediatric practice | |
| 504 | _aIncludes bibliographical references and index. | ||
| 906 |
_a7 _bcbc _corignew _d1 _eocip _f20 _gy-gencatlg |
||
| 942 |
_2ddc _cBK |
||
| 999 |
_c42334 _d42334 |
||